[Event "Madrid 2023-2024ch - Previa B"]
[Site "Madrid ESP"]
[Date "2024.02.16"]
[Round "6.1"]
[White "Mazo Fernandez, Roberto"]
[Black "Lozano Argueso, Cesar"]
[Result "0-1"]
[WhiteElo "1947"]
[BlackElo "1808"]
[PlyCount "120"]
[EventDate "2024.02.01"]
[EventType "swiss"]
[EventRounds "9"]
[EventCountry "ESP"]
[SourceTitle "Ajedrez en Madrid"]
[Source "lmi"]
[SourceDate "2024.02.01"]
[SourceVersion "1"]
[SourceVersionDate "2024.02.25"]
[SourceQuality "1"]

1. c4 Nf6 2. Nc3 g6 3. e4 d6 4. g3 Bg7 5. Bg2 O-O 6. Nge2 Nbd7 7. O-O e5 8. d3
Nc5 9. b4 Ne6 10. h3 a5 11. b5 Nd7 12. Be3 Ndc5 13. Rb1 Nd4 14. f4 Be6 15. g4
f5 16. exf5 gxf5 17. g5 c6 18. h4 h6 19. Bxd4 exd4 20. Na4 hxg5 21. Nxc5 dxc5
22. hxg5 Qc7 23. bxc6 bxc6 24. Ng3 Rae8 25. Qh5 Re7 26. Rf2 Rfe8 27. Nf1 Bd7
28. Qf3 a4 29. Rfb2 Qa5 30. Rb7 Rd8 31. Bh3 Re1 32. Qf2 Rxb1 33. Rxb1 Qc7 34.
Re1 Qc8 35. Re2 Re8 36. Qe1 Rxe2 37. Qxe2 Qe8 38. Qxe8+ Bxe8 39. Bxf5 Bh5 40.
a3 Bf8 41. Ng3 Bd1 42. Be4 Bd6 43. Kf2 Bxf4 44. Ke1 Bc2 45. Ne2 Bxg5 46. Bxc6
Bxd3 47. Bd5+ Kg7 48. Kd1 Kf6 49. Ng3 Ke5 50. Bf7 Kf4 51. Ne2+ Ke3 52. Nc1 Bf5
53. Be8 d3 54. Nxd3 Bxd3 55. Bxa4 Be2+ 56. Kc2 Kd4 57. Bd7 Bd3+ 58. Kd1 Kxc4
59. Be6+ Kc3 60. Bf7 c4 0-1

[Event "Madrid 2023-2024ch - Previa B"]
[Site "Madrid ESP"]
[Date "2024.02.16"]
[Round "6.2"]
[White "Baeza Escudero, Javier"]
[Black "Gutierrez Diaz, Pablo"]
[Result "0-1"]
[WhiteElo "1802"]
[BlackElo "1928"]
[PlyCount "200"]
[EventDate "2024.02.01"]
[EventType "swiss"]
[EventRounds "9"]
[EventCountry "ESP"]
[SourceTitle "Ajedrez en Madrid"]
[Source "lmi"]
[SourceDate "2024.02.01"]
[SourceVersion "1"]
[SourceVersionDate "2024.02.25"]
[SourceQuality "1"]

1. e4 c5 2. Nc3 Nc6 3. Bb5 Nd4 4. Bc4 a6 5. a4 e6 6. Nge2 Nf6 7. O-O Nc6 8. d4
cxd4 9. Nxd4 Ne5 10. Bb3 Bc5 11. Nf3 d6 12. Qe2 O-O 13. Be3 Qc7 14. a5 Bd7 15.
Rfd1 Ng6 16. Nd4 Bb4 17. Bd2 Bxa5 18. Nd5 exd5 19. Bxa5 b6 20. Be1 dxe4 21.
Rxa6 Bg4 22. f3 exf3 23. gxf3 Bh5 24. Rxa8 Rxa8 25. Bg3 Qc5 26. Bxf7+ Kh8 27.
Kg2 Ne5 28. Bxh5 Nxh5 29. Ne6 Nxg3 30. hxg3 Qc6 31. Nd4 Qc4 32. Qe4 Rf8 33. Rh1
h6 34. Qe3 Qd5 35. Re1 Nc4 36. Qc3 Ne5 37. Re2 Qf7 38. Qe3 Qb7 39. Qe4 Qxe4 40.
Rxe4 Rc8 41. c3 Ra8 42. f4 Nc4 43. Re2 d5 44. b3 Nd6 45. Kf3 Rc8 46. Re3 Kg8
47. g4 Kf7 48. f5 Ne4 49. Ne2 b5 50. Kf4 Nc5 51. Nd4 Rb8 52. Nc6 Ra8 53. Re7+
Kf8 54. b4 Ne4 55. Rc7 Nf6 56. Nd4 Ne8 57. Rc5 Ra1 58. Rxb5 Rf1+ 59. Nf3 Nf6
60. Kg3 Ne4+ 61. Kg2 Rf2+ 62. Kg1 Rxf3 63. Rxd5 Rxc3 64. Rd4 Rg3+ 65. Kf1 Rxg4
66. Ke1 Nf6 67. Rd8+ Ke7 68. Rb8 Kd6 69. Kd2 Kc7 70. Rf8 h5 71. Ke3 h4 72. Kf3
Rg3+ 73. Kf4 Nd5+ 74. Ke4 Nf6+ 75. Kd4 h3 76. Rh8 Kc6 77. Ke5 Re3+ 78. Kd4 Re4+
79. Kd3 Rxb4 80. Kc3 Nd5+ 81. Kc2 Rf4 82. Rxh3 Rxf5 83. Rg3 g5 84. Kd3 Nf6 85.
Kd4 Kd6 86. Re3 g4 87. Rg3 Rf4+ 88. Ke3 Ra4 89. Rg1 Ke5 90. Kf2 Kf4 91. Rf1 Ra3
92. Kg2+ Rf3 93. Ra1 Ne4 94. Ra8 Rf2+ 95. Kg1 Kg3 96. Ra4 Rg2+ 97. Kf1 Nd2+ 98.
Ke1 Nf3+ 99. Kd1 Rd2+ 100. Kc1 Rd4 0-1

[Event "Madrid 2023-2024ch - Previa B"]
[Site "Madrid ESP"]
[Date "2024.02.16"]
[Round "6.4"]
[White "Godoy Herrera, Carlos"]
[Black "Cardena Contreras, Javier"]
[Result "0-1"]
[WhiteElo "1701"]
[BlackElo "1882"]
[PlyCount "66"]
[EventDate "2024.02.01"]
[EventType "swiss"]
[EventRounds "9"]
[EventCountry "ESP"]
[SourceTitle "Ajedrez en Madrid"]
[Source "lmi"]
[SourceDate "2024.02.01"]
[SourceVersion "1"]
[SourceVersionDate "2024.02.25"]
[SourceQuality "1"]

1. d4 d5 2. Nf3 e6 3. c4 c5 4. Nc3 Nc6 5. cxd5 exd5 6. g3 cxd4 7. Nxd4 Nf6 8.
Bg2 Bc5 9. Nxc6 bxc6 10. O-O O-O 11. Bg5 h6 12. Bxf6 Qxf6 13. Nxd5 Qg6 14. Nf4
Qg5 15. Bxc6 Rb8 16. b3 Rd8 17. Qc2 Bg4 18. Rad1 Bd4 19. Qc4 Bb6 20. Rd5 Qf6
21. Rfd1 Rxd5 22. Bxd5 g5 23. Nd3 Bxe2 24. Rd2 Bxf2+ 25. Kg2 Bf1+ 26. Kxf1 Be3+
27. Ke2 Bxd2 28. Kxd2 Rd8 29. Kc2 Qf5 30. Be4 Qh3 31. Kb2 Qxh2+ 32. Kc3 Qxg3
33. Bg6 Qd6 0-1

[Event "Madrid 2023-2024ch - Previa B"]
[Site "Madrid ESP"]
[Date "2024.02.16"]
[Round "6.5"]
[White "Mata Medina, Andres"]
[Black "Garcia Tanjala, Marko"]
[Result "1-0"]
[WhiteElo "1774"]
[BlackElo "1527"]
[PlyCount "117"]
[EventDate "2024.02.01"]
[EventType "swiss"]
[EventRounds "9"]
[EventCountry "ESP"]
[SourceTitle "Ajedrez en Madrid"]
[Source "lmi"]
[SourceDate "2024.02.01"]
[SourceVersion "1"]
[SourceVersionDate "2024.02.25"]
[SourceQuality "1"]

1. d4 Nf6 2. Nf3 d5 3. g3 g6 4. Bg2 Bg7 5. O-O O-O 6. c4 Bf5 7. Ne5 c6 8. c5
Nbd7 9. Nd3 Ne4 10. e3 e5 11. g4 Be6 12. f3 Nef6 13. dxe5 Ne8 14. f4 f5 15. g5
Qe7 16. b4 a5 17. Ba3 Nc7 18. Nc3 axb4 19. Bxb4 Na6 20. a3 Ndxc5 21. Nxc5 Nxc5
22. Na4 Rxa4 23. Qxa4 Nxa4 24. Bxe7 Ra8 25. Rab1 b5 26. Rfc1 Kf7 27. Bf6 Bxf6
28. gxf6 Rc8 29. Kf2 Ke8 30. Kg3 Kd7 31. Kh4 Nb6 32. Bf1 Ra8 33. Rb3 h6 34.
Rxb5 cxb5 35. Bxb5+ Kd8 36. Rc6 Bd7 37. Rxb6 Kc7 38. Bxd7 Kxb6 39. f7 Rh8 40.
e6 Kc7 41. e7 Kxd7 42. f8=Q Rxf8 43. exf8=Q Kc6 44. Qe8+ Kc5 45. Qxg6 Kc4 46.
Qxh6 Kd3 47. a4 Kxe3 48. Qe6+ Kxf4 49. Qxd5 Ke3 50. Qxf5 Kd4 51. Kg4 Kc4 52.
Kf4 Kb4 53. Ke4 Kxa4 54. Qc8 Kb4 55. Kd4 Kb3 56. Qc3+ Ka2 57. Qb4 Ka1 58. Kc3
Ka2 59. Qb2# 1-0

[Event "Madrid 2023-2024ch - Previa B"]
[Site "Madrid ESP"]
[Date "2024.02.16"]
[Round "6.6"]
[White "Condezo Abderrahim, Ibrahim"]
[Black "Bocancea, Cristian Andrei"]
[Result "0-1"]
[WhiteElo "1818"]
[BlackElo "1549"]
[PlyCount "38"]
[EventDate "2024.02.01"]
[EventType "swiss"]
[EventRounds "9"]
[EventCountry "ESP"]
[SourceTitle "Ajedrez en Madrid"]
[Source "lmi"]
[SourceDate "2024.02.01"]
[SourceVersion "1"]
[SourceVersionDate "2024.02.25"]
[SourceQuality "1"]

1. e4 c5 2. Nf3 d6 3. d4 cxd4 4. Nxd4 Nf6 5. Nc3 Nc6 6. Bb5 Bd7 7. O-O g6 8. h3
Bg7 9. Be3 O-O 10. Qd2 a6 11. Nxc6 Bxc6 12. Bxc6 bxc6 13. Qd3 Qc7 14. f4 Nd7
15. Na4 Qa5 16. Qc4 Qb5 17. Qb3 Rfb8 18. Rab1 Qb4 19. e5 Qe4 0-1

[Event "Madrid 2023-2024ch - Previa B"]
[Site "Madrid ESP"]
[Date "2024.02.16"]
[Round "6.7"]
[White "De Dompablo Fantova, Juan"]
[Black "Palomo Monserrat, Lorenzo"]
[Result "0-1"]
[WhiteElo "1564"]
[BlackElo "1867"]
[PlyCount "98"]
[EventDate "2024.02.01"]
[EventType "swiss"]
[EventRounds "9"]
[EventCountry "ESP"]
[SourceTitle "Ajedrez en Madrid"]
[Source "lmi"]
[SourceDate "2024.02.01"]
[SourceVersion "1"]
[SourceVersionDate "2024.02.25"]
[SourceQuality "1"]

1. e4 c5 2. Nc3 Nc6 3. f4 g6 4. Nf3 Bg7 5. Bb5 Nd4 6. Bc4 d6 7. O-O e6 8. d3
Nxf3+ 9. Qxf3 Ne7 10. Bb3 Nc6 11. f5 Nd4 12. Qf2 gxf5 13. Ba4+ Bd7 14. Be3 Bxa4
15. Nxa4 Qd7 16. Nc3 O-O-O 17. Rab1 fxe4 18. Nxe4 f5 19. c3 fxe4 20. cxd4 Rhf8
21. Qc2 exd3 22. Qxd3 cxd4 23. Bxd4 Bxd4+ 24. Qxd4 Kb8 25. Rfe1 e5 26. Qd5 Qf7
27. Rbd1 Qxd5 28. Rxd5 Kc7 29. Rc1+ Kd7 30. Ra5 a6 31. Ra4 Ke6 32. Rh4 Rd7 33.
Rf1 Rxf1+ 34. Kxf1 Rc7 35. Rb4 b5 36. a4 Rc4 37. Rb3 Rxa4 38. Kf2 Rf4+ 39. Ke3
d5 40. g3 d4+ 41. Ke2 Re4+ 42. Kf2 Re3 43. Rxe3 dxe3+ 44. Kxe3 Kd5 45. g4 a5
46. h3 a4 47. g5 b4 48. Kd2 e4 49. h4 Ke6 0-1

[Event "Madrid 2023-2024ch - Previa B"]
[Site "Madrid ESP"]
[Date "2024.02.16"]
[Round "6.8"]
[White "Ortega Sanchez Montanez, Marcos"]
[Black "Alonso Anton, Carlos"]
[Result "1-0"]
[WhiteElo "1511"]
[BlackElo "1776"]
[PlyCount "119"]
[EventDate "2024.02.01"]
[EventType "swiss"]
[EventRounds "9"]
[EventCountry "ESP"]
[SourceTitle "Ajedrez en Madrid"]
[Source "lmi"]
[SourceDate "2024.02.01"]
[SourceVersion "1"]
[SourceVersionDate "2024.02.25"]
[SourceQuality "1"]

1. d4 d5 2. c4 e6 3. Nf3 Nf6 4. g3 Bd6 5. Bg2 O-O 6. O-O Nc6 7. Nbd2 b6 8. Qc2
Bb7 9. cxd5 exd5 10. a3 Re8 11. Nb1 h6 12. b4 Rc8 13. Bb2 Qd7 14. Nc3 Qe7 15.
Rac1 a5 16. b5 Nd8 17. Qb3 Ne6 18. e3 Ng5 19. Nxg5 hxg5 20. Nxd5 Bxd5 21. Bxd5
Nxd5 22. Qxd5 Bxa3 23. Bxa3 Qxa3 24. Qxg5 Qe7 25. Qxe7 Rxe7 26. Rc6 Re6 27. Rc4
Kf8 28. Rfc1 Re7 29. Rc6 Ra8 30. Rxc7 Rxc7 31. Rxc7 a4 32. Rc2 a3 33. Ra2 Ke7
34. Kf1 Kd6 35. Ke2 Kd5 36. Kd3 f5 37. h4 Ra5 38. f3 Rxb5 39. e4+ fxe4+ 40.
fxe4+ Ke6 41. Rxa3 Rb1 42. Kc2 Rb4 43. Kc3 Rb1 44. Rb3 Rc1+ 45. Kd2 Rg1 46.
Rxb6+ Kf7 47. Rb3 Rg2+ 48. Ke1 Ke6 49. h5 Rh2 50. Rb5 Rg2 51. Rg5 Kf6 52. Rg6+
Kf7 53. d5 Ra2 54. g4 Rg2 55. d6 Ra2 56. d7 Ra8 57. Ke2 Rd8 58. e5 Ke7 59. e6
Kf8 60. Rxg7 1-0

[Event "Madrid 2023-2024ch - Previa B"]
[Site "Madrid ESP"]
[Date "2024.02.16"]
[Round "6.9"]
[White "Mansor Habash, Zouheir"]
[Black "De Fuenmayor Fernandez de la , Carlos Pablo"]
[Result "1-0"]
[WhiteElo "1731"]
[BlackElo "1532"]
[PlyCount "33"]
[EventDate "2024.02.01"]
[EventType "swiss"]
[EventRounds "9"]
[EventCountry "ESP"]
[SourceTitle "Ajedrez en Madrid"]
[Source "lmi"]
[SourceDate "2024.02.01"]
[SourceVersion "1"]
[SourceVersionDate "2024.02.25"]
[SourceQuality "1"]

1. e4 e5 2. Nf3 Nc6 3. Nc3 Nf6 4. Be2 d5 5. exd5 Nxd5 6. O-O Bb4 7. Bb5 Bxc3 8.
dxc3 Bg4 9. h3 Bh5 10. c4 Bxf3 11. Qxf3 Nde7 12. Bg5 O-O 13. Bxe7 Qxe7 14. Bxc6
bxc6 15. Qxc6 Rfd8 16. Rad1 Rxd1 17. Qxa8+ 1-0

[Event "Madrid 2023-2024ch - Previa B"]
[Site "Madrid ESP"]
[Date "2024.02.16"]
[Round "6.11"]
[White "Lorenzo Martin, Hector"]
[Black "Pareja Cerrato, Antonio"]
[Result "1/2-1/2"]
[WhiteElo "1498"]
[BlackElo "1464"]
[PlyCount "66"]
[EventDate "2024.02.01"]
[EventType "swiss"]
[EventRounds "9"]
[EventCountry "ESP"]
[SourceTitle "Ajedrez en Madrid"]
[Source "lmi"]
[SourceDate "2024.02.01"]
[SourceVersion "1"]
[SourceVersionDate "2024.02.25"]
[SourceQuality "1"]

1. b3 e5 2. Bb2 d6 3. d4 exd4 4. Qxd4 Nc6 5. Qd2 Nf6 6. Nc3 Bf5 7. O-O-O Qd7 8.
e4 Bg6 9. f3 O-O-O 10. Kb1 Be7 11. g3 Qe8 12. Nd5 Kb8 13. Bb5 Nxe4 14. Qe2 Nf6
15. Bxc6 Qxc6 16. Nxe7 Qd7 17. Nxg6 hxg6 18. Bxf6 gxf6 19. Qd3 Rhe8 20. Ne2 Qc6
21. Nc3 Re5 22. Rhe1 Rc5 23. Ne4 Rh5 24. h4 d5 25. Qd4 Rf5 26. Nd2 Qd6 27. f4
c5 28. Qe3 Rd7 29. Ne4 Qc6 30. g4 d4 31. Qf3 Rfd5 32. Nf2 c4 33. bxc4 Rb5+
1/2-1/2

[Event "Madrid 2023-2024ch - Previa B"]
[Site "Madrid ESP"]
[Date "2024.02.16"]
[Round "6.13"]
[White "San Vicente Crespo, Pablo"]
[Black "Manas Carrete, Miguel Angel"]
[Result "1-0"]
[WhiteElo "1676"]
[BlackElo "1500"]
[PlyCount "43"]
[EventDate "2024.02.01"]
[EventType "swiss"]
[EventRounds "9"]
[EventCountry "ESP"]
[SourceTitle "Ajedrez en Madrid"]
[Source "lmi"]
[SourceDate "2024.02.01"]
[SourceVersion "1"]
[SourceVersionDate "2024.02.25"]
[SourceQuality "1"]

1. e4 e6 2. d4 d5 3. e5 c5 4. c3 Nc6 5. Nf3 h6 6. a3 Nge7 7. b4 cxd4 8. cxd4 a6
9. Be2 Ng6 10. Nc3 Be7 11. Be3 Nh4 12. Nxh4 Bxh4 13. O-O b5 14. Rc1 Bd7 15. f4
O-O 16. f5 Bg5 17. Qd3 Bxe3+ 18. Qxe3 Qh4 19. Rf4 Qd8 20. f6 Kh8 21. fxg7+ Kxg7
22. Rg4+ 1-0

[Event "Madrid 2023-2024ch - Previa B"]
[Site "Madrid ESP"]
[Date "2024.02.16"]
[Round "6.14"]
[White "Marcos Medina, Alejandro"]
[Black "Gonzalez Jimenez, Marcos Valerio"]
[Result "1-0"]
[WhiteElo "1642"]
[BlackElo "1462"]
[PlyCount "57"]
[EventDate "2024.02.01"]
[EventType "swiss"]
[EventRounds "9"]
[EventCountry "ESP"]
[SourceTitle "Ajedrez en Madrid"]
[Source "lmi"]
[SourceDate "2024.02.01"]
[SourceVersion "1"]
[SourceVersionDate "2024.02.25"]
[SourceQuality "1"]

1. e4 c5 2. Nf3 e6 3. c4 Nc6 4. d4 cxd4 5. Nxd4 Nf6 6. Nc3 Bb4 7. Nxc6 bxc6 8.
f3 d5 9. cxd5 cxd5 10. Qa4+ Qd7 11. Bb5 Bxc3+ 12. bxc3 O-O 13. Bxd7 Bxd7 14.
Qd4 Rad8 15. Bg5 Bb5 16. e5 h6 17. Bh4 Rc8 18. exf6 Rc4 19. fxg7 Rfc8 20. Qf6
Rxc3 21. Qxh6 f5 22. Qxe6+ Kh7 23. Qxf5+ Kg8 24. Qxd5+ Kh7 25. Qxb5 Rc1+ 26.
Rxc1 Rxc1+ 27. Kf2 Rxh1 28. Qf5+ Kh6 29. Qg5+ 1-0

[Event "Madrid 2023-2024ch - Previa B"]
[Site "Madrid ESP"]
[Date "2024.02.16"]
[Round "6.15"]
[White "Mosteiro Montoro, Alvaro"]
[Black "Anton Ortiz, Carlos"]
[Result "0-1"]
[WhiteElo "1483"]
[BlackElo "1615"]
[PlyCount "84"]
[EventDate "2024.02.01"]
[EventType "swiss"]
[EventRounds "9"]
[EventCountry "ESP"]
[SourceTitle "Ajedrez en Madrid"]
[Source "lmi"]
[SourceDate "2024.02.01"]
[SourceVersion "1"]
[SourceVersionDate "2024.02.25"]
[SourceQuality "1"]

1. d4 e6 2. c4 Nf6 3. Nc3 c5 4. d5 d6 5. Nf3 exd5 6. Nxd5 Nbd7 7. Nc3 Be7 8. g3
Nb6 9. b3 O-O 10. Bg2 Bd7 11. O-O Bc6 12. Bb2 Re8 13. Re1 a5 14. e4 a4 15. Nd5
Nbxd5 16. exd5 Bd7 17. Bc3 b5 18. Nd2 b4 19. Bb2 a3 20. Bxf6 Bxf6 21. Rb1 Bc3
22. Rxe8+ Qxe8 23. Ne4 Be5 24. Qc2 f5 25. Ng5 Qg6 26. Nf3 Bc3 27. Bh3 Rf8 28.
Rd1 Qh5 29. Kg2 g5 30. Qc1 h6 31. Qe3 g4 32. Bxg4 fxg4 33. Nh4 Bf6 34. Qf4 Bxh4
35. Qxd6 Qf5 36. Rd2 Bg5 37. Re2 Qf3+ 38. Kg1 Qxe2 39. Qxc5 Qd1+ 40. Kg2 Bf5
41. f4 gxf3+ 42. Kf2 Qe2+ 0-1

[Event "Madrid 2023-2024ch - Previa B"]
[Site "Madrid ESP"]
[Date "2024.02.16"]
[Round "6.16"]
[White "Tendero Perez, Daniel"]
[Black "Senador-Gomez Jaen, Julio"]
[Result "0-1"]
[WhiteElo "1603"]
[BlackElo "1408"]
[PlyCount "78"]
[EventDate "2024.02.01"]
[EventType "swiss"]
[EventRounds "9"]
[EventCountry "ESP"]
[SourceTitle "Ajedrez en Madrid"]
[Source "lmi"]
[SourceDate "2024.02.01"]
[SourceVersion "1"]
[SourceVersionDate "2024.02.25"]
[SourceQuality "1"]

1. e4 c6 2. c4 d5 3. e5 Bf5 4. d4 e6 5. f4 Bb4+ 6. Nd2 c5 7. a3 Bxd2+ 8. Qxd2
cxd4 9. c5 Ne7 10. Nf3 b6 11. Nxd4 bxc5 12. Bb5+ Nd7 13. Nxf5 Nxf5 14. Qf2 Qa5+
15. Bd2 Qxb5 16. b4 cxb4 17. Bxb4 a5 18. Bc3 Rc8 19. Rc1 d4 20. g4 Rxc3 21.
Rxc3 Qb1+ 22. Ke2 Qb2+ 23. Kf1 dxc3 24. gxf5 c2 25. Kg2 c1=Q 26. Rxc1 Qxc1 27.
Qg3 Rg8 28. Qf3 Ke7 29. fxe6 fxe6 30. Kg3 Rc8 31. Qh5 Rc3+ 32. Kg4 Qg1+ 33. Kh4
Qxh2+ 34. Kg5 Rg3+ 35. Qg4 h6+ 36. Kg6 Rxg4+ 37. Kh7 Rxf4 38. Kg8 Rf8+ 39. Kh7
Qc2+ 0-1

[Event "Madrid 2023-2024ch - Previa B"]
[Site "Madrid ESP"]
[Date "2024.02.16"]
[Round "6.18"]
[White "Marret, Constantin Pierre"]
[Black "Quiros Florea, Rafael-Santiago"]
[Result "1/2-1/2"]
[WhiteElo "1532"]
[BlackElo "1266"]
[PlyCount "115"]
[EventDate "2024.02.01"]
[EventType "swiss"]
[EventRounds "9"]
[EventCountry "ESP"]
[SourceTitle "Ajedrez en Madrid"]
[Source "lmi"]
[SourceDate "2024.02.01"]
[SourceVersion "1"]
[SourceVersionDate "2024.02.25"]
[SourceQuality "1"]

1. d4 f5 2. c4 Nf6 3. e3 e6 4. Nf3 Bb4+ 5. Bd2 Bxd2+ 6. Nbxd2 O-O 7. Bd3 b6 8.
O-O Bb7 9. Qc2 Nc6 10. a3 a5 11. d5 Ne7 12. dxe6 dxe6 13. Rad1 Qe8 14. e4 Qg6
15. Ne5 Qh5 16. exf5 Ng4 17. Nxg4 Qxg4 18. Be4 Bxe4 19. Qxe4 Qxe4 20. Nxe4 exf5
21. Ng5 Rfd8 22. Ne6 Rd6 23. Rxd6 cxd6 24. Rd1 Rc8 25. b3 a4 26. bxa4 Rxc4 27.
g3 d5 28. Rb1 Rc6 29. Nd4 Rf6 30. h4 Nc6 31. Nxc6 Rxc6 32. Rb5 Rd6 33. a5 bxa5
34. Rxa5 Kf7 35. a4 Ke6 36. Rb5 Ra6 37. a5 Ke5 38. Kf1 Kd4 39. Rb7 Rxa5 40.
Rxg7 Ke4 41. Kg2 d4 42. Rd7 Rd5 43. f3+ Ke5 44. Rxd5+ Kxd5 45. Kf2 Kc4 46. Ke2
Kc3 47. Kd1 Kd3 48. g4 fxg4 49. fxg4 Ke3 50. g5 Kf4 51. Ke2 Kg4 52. Kd3 Kxh4
53. Kxd4 Kxg5 54. Ke3 Kg4 55. Kf2 h5 56. Kg2 h4 57. Kh2 h3 58. Kg1 1/2-1/2

[Event "Madrid 2023-2024ch - Previa B"]
[Site "Madrid ESP"]
[Date "2024.02.16"]
[Round "6.19"]
[White "Fernandez Berdasco, Manuel"]
[Black "Perez Pascual, Arturo"]
[Result "1/2-1/2"]
[WhiteElo "1414"]
[BlackElo "1523"]
[PlyCount "103"]
[EventDate "2024.02.01"]
[EventType "swiss"]
[EventRounds "9"]
[EventCountry "ESP"]
[SourceTitle "Ajedrez en Madrid"]
[Source "lmi"]
[SourceDate "2024.02.01"]
[SourceVersion "1"]
[SourceVersionDate "2024.02.25"]
[SourceQuality "1"]

1. d4 d5 2. Nf3 Nf6 3. c4 c6 4. Nc3 Bf5 5. cxd5 Nxd5 6. Qb3 Qb6 7. Nxd5 Qxb3 8.
Nc7+ Kd8 9. axb3 Kxc7 10. Bf4+ Kc8 11. Nd2 Bc2 12. e4 Na6 13. Bxa6 bxa6 14. Rc1
Bd3 15. Rxc6+ Kd8 16. Rc3 Rc8 17. f3 e6 18. Rxc8+ Kxc8 19. Kf2 Kd7 20. Rc1 Bd6
21. Bxd6 Kxd6 22. Nc4+ Bxc4 23. bxc4 a5 24. Ke2 Rb8 25. Rc2 Rb3 26. Kd2 f6 27.
Kc1 Rd3 28. Rd2 Re3 29. Kc2 Kc6 30. b3 Kd6 31. Kb2 g5 32. Ka3 g4 33. fxg4 Rxe4
34. Ka4 Re3 35. b4 axb4 36. Kxb4 Kc6 37. Rf2 Kb6 38. Rxf6 a5+ 39. Ka4 Re4 40.
h3 Rxd4 41. Rxe6+ Kc5 42. Kxa5 Rd2 43. Re5+ Kxc4 44. Kb6 Rxg2 45. Kc6 Rg3 46.
Rh5 Kd4 47. Kd6 Ke4 48. Ke6 Ra3 49. Kf6 Ra7 50. Re5+ Kf4 51. Re7 Rxe7 52. Kxe7
1/2-1/2

[Event "Madrid 2023-2024ch - Previa B"]
[Site "Madrid ESP"]
[Date "2024.02.16"]
[Round "6.20"]
[White "Liern Matesanz, Jairo"]
[Black "Garcia Martin, Marco"]
[Result "1-0"]
[WhiteElo "1521"]
[BlackElo "1203"]
[PlyCount "83"]
[EventDate "2024.02.01"]
[EventType "swiss"]
[EventRounds "9"]
[EventCountry "ESP"]
[SourceTitle "Ajedrez en Madrid"]
[Source "lmi"]
[SourceDate "2024.02.01"]
[SourceVersion "1"]
[SourceVersionDate "2024.02.25"]
[SourceQuality "1"]

1. d4 Nf6 2. c4 e6 3. Nf3 d5 4. Bg5 Bb4+ 5. Nc3 h6 6. Bxf6 Qxf6 7. cxd5 Bxc3+
8. bxc3 exd5 9. g3 O-O 10. Bg2 Bg4 11. Qb3 Qc6 12. Ne5 Qe6 13. Bxd5 Qf5 14. e4
Qg5 15. Bxb7 Nd7 16. Nxd7 Bxd7 17. Bxa8 Rxa8 18. Qd5 Qxd5 19. exd5 Re8+ 20. Kd2
Bb5 21. Rhe1 Rd8 22. Rab1 Rxd5 23. Re5 Rxe5 24. dxe5 Bc4 25. Rb7 Bxa2 26. Rxa7
Be6 27. Rxc7 Kf8 28. Kd3 Ke8 29. Kd4 Kd8 30. Ra7 Kc8 31. c4 Kb8 32. Re7 Kc8 33.
c5 Kd8 34. Ra7 Kc8 35. c6 Kb8 36. Re7 Kc8 37. Kc5 Kd8 38. Kd6 f6 39. Kxe6 fxe5
40. Kd6 e4 41. c7+ Kc8 42. Kc6 1-0

[Event "Madrid 2023-2024ch - Previa B"]
[Site "Madrid ESP"]
[Date "2024.02.16"]
[Round "6.21"]
[White "Veiga Macias, Rodrigo"]
[Black "Blanco Barrios, Aitana"]
[Result "1-0"]
[WhiteElo "1339"]
[BlackElo "1519"]
[PlyCount "149"]
[EventDate "2024.02.01"]
[EventType "swiss"]
[EventRounds "9"]
[EventCountry "ESP"]
[SourceTitle "Ajedrez en Madrid"]
[Source "lmi"]
[SourceDate "2024.02.01"]
[SourceVersion "1"]
[SourceVersionDate "2024.02.25"]
[SourceQuality "1"]

1. e4 e5 2. Nf3 Nc6 3. Bc4 Bc5 4. d3 Nf6 5. Bg5 h6 6. Bh4 d6 7. c3 Qe7 8. Nbd2
Bd7 9. O-O O-O-O 10. b4 Bb6 11. a4 a5 12. b5 Na7 13. Ba2 g5 14. Bg3 Nh5 15. Kh1
Nxg3+ 16. fxg3 h5 17. Nc4 h4 18. gxh4 gxh4 19. Nfd2 Rdf8 20. Nxb6+ cxb6 21. Nc4
Kc7 22. Ne3 Be6 23. Bd5 Nc8 24. Qf3 Qg5 25. h3 Rhg8 26. Rae1 Ne7 27. c4 Ng6 28.
Qf6 Nf4 29. Qxg5 Rxg5 30. Bxe6 fxe6 31. Rd1 Rg3 32. Rfe1 Rfg8 33. Rd2 Kd7 34.
Ng4 Ke7 35. Ne3 R8g7 36. Kh2 Rf7 37. Kh1 Rg8 38. Ng4 Rgf8 39. Rf1 Nh5 40. Rxf7+
Rxf7 41. Kg1 Ng3 42. Rf2 Rf4 43. Rxf4 Ne2+ 44. Kh2 Nxf4 45. Nf2 Ne2 46. Nd1 Nc1
47. Nb2 Ne2 48. g4 hxg3+ 49. Kg2 Kf6 50. Kf3 Nf4 51. Kxg3 Kg5 52. Kf3 Kh4 53.
d4 Ng6 54. c5 dxc5 55. dxc5 bxc5 56. Nc4 Ne7 57. Nxa5 b6 58. Nc4 Nc8 59. Nxe5
Kxh3 60. Nc4 Kh4 61. Kf4 Kh5 62. Ke5 Kg6 63. Kxe6 Kg5 64. Kd7 Kf4 65. e5 Kf5
66. Kxc8 Ke6 67. Kc7 Kd5 68. Kxb6 Kxc4 69. e6 Kd5 70. e7 c4 71. e8=Q c3 72.
Qc6+ Kd4 73. Ka5 Kd3 74. Kb4 c2 75. Kb3 1-0

[Event "Madrid 2023-2024ch - Previa B"]
[Site "Madrid ESP"]
[Date "2024.02.17"]
[Round "7.1"]
[White "Marin Lopez, Juan Jose"]
[Black "Lozano Argueso, Cesar"]
[Result "0-1"]
[WhiteElo "1775"]
[BlackElo "1808"]
[PlyCount "90"]
[EventDate "2024.02.01"]
[EventType "swiss"]
[EventRounds "9"]
[EventCountry "ESP"]
[SourceTitle "Ajedrez en Madrid"]
[Source "lmi"]
[SourceDate "2024.02.01"]
[SourceVersion "1"]
[SourceVersionDate "2024.02.25"]
[SourceQuality "1"]

1. e4 g6 2. d4 Bg7 3. Nc3 a6 4. Be3 d6 5. Qd2 Nd7 6. h4 b5 7. h5 Bb7 8. f3 gxh5
9. Nh3 e5 10. d5 h6 11. O-O-O Ne7 12. Be2 f5 13. g3 Nf6 14. Nf2 Qd7 15. a3
O-O-O 16. Na2 c6 17. Bb6 cxd5 18. Bxd8 Rxd8 19. exd5 Nexd5 20. Nc3 Nb6 21. Rh4
d5 22. Na2 Qe6 23. Nd3 Nc4 24. Qc3 d4 25. Qb3 Qb6 26. f4 Nd5 27. fxe5 Na5 28.
Qxd5 Bxd5 29. Nab4 Nc4 30. Nf4 Ne3 31. Rd2 Bxe5 32. Rxh5 Be4 33. Nbd3 Bxf4 34.
Nxf4 Rg8 35. Rh3 Ng2 36. Nxg2 Bxg2 37. Rh4 Rxg3 38. Rhxd4 Be4 39. b3 Qa5 40. a4
Qc3 41. Rd8+ Kc7 42. R8d7+ Kb6 43. Kb1 Qxb3+ 44. Ka1 Qa3+ 45. Kb1 Rb3# 0-1